000 00684nam a2200241 i 4500
001 bg
100 1 _aKRÓLIKOWSKI, Andrzej
245 1 0 _aIdentyfikacja obiektów sterowania :
_bmetody dyskretne /
_cAndrzej Królikowski, Dariusz Horla.
260 _aPoznaä :
_bWydawnictwo Politechniki Poznańskiej,
_c2005.
300 _a112 s. :
_bwykr. ;
_c24 cm.
504 _aBibliogr.
650 9 _aSterowanie
650 9 _aAutomatyka
655 _aPodręczniki akademickie
700 1 _aHORLA, Dariusz
020 _a8371432267
040 _cBPK
041 0 _apol
080 _a681.5(075.8)
920 _a83-7143-226-7
942 _cKS
008 s pl f |000 0 pol
999 _c51856
_d51856
856 _uhttp://koha.tu.koszalin.pl/cgi-bin/koha/opac-detail.pl?biblionumber=51856
_yKatalog online BPK